| 000 | 00538nam a2200193Ia 4500 | ||
|---|---|---|---|
| 008 | 220216s9999 xx 000 0 und d | ||
| 100 | _aDas N C | ||
| 245 | 0 | _aConductive rubbers made by adding conductive carbon black to EVA, EPDM, and EVA-EPDM blends | |
| 260 |
_bPlastics, Rubber and Composites _c2001 |
||
| 300 | _a162-169 | ||
| 650 | _aConductive carbon black | ||
| 650 | _aConductive rubbers | ||
| 650 | _aEPDM | ||
| 650 | _aEVA | ||
| 650 | _aEVA-EPDM blends | ||
| 700 | _aChaki T K | ||
| 700 | _aKhastgir D | ||
| 942 | _cJS | ||
| 999 |
_c56162 _d56162 |
||